| 000 | 00964nas a2200289 i 4500 | ||
|---|---|---|---|
| 001 | 2654 | ||
| 003 | ES-MaACL | ||
| 005 | 20250709062527.0 | ||
| 007 | t| | ||
| 008 | 950801c1880 sp a| | 1 ||pa d | ||
| 080 | _a(059) | ||
| 245 | 0 | 0 |
_aAlmanaque Las Provincias _b: diario de Valencia para el año... |
| 260 |
_aValencia : _b[s.n.], _c[1880-] ( _fImpr. Domenech) |
||
| 300 |
_av ; _c19 y 21 cm. |
||
| 310 | _aAnual | ||
| 362 | 0 | _aAño 1 (1880)- | |
| 852 |
_aES-MaACL _jF-12401 _z.- Año 1898 |
||
| 852 |
_aES-MaACL _jT-398-F-10-11 _z.- Año 1881, 1883 |
||
| 852 |
_aES-MaACL _jT-582-F-1-2 _z.- Años 1889 y 1892 |
||
| 852 |
_aES-MaACL _jT-749-F-1-3 _z.- Años 1895-1897 |
||
| 852 |
_aES-MaACL _jT-476-F-1-3 _z.- Años 1885, 1887, 1888 |
||
| 852 |
_aES-MaACL _jT-721-F-2-3 _z.- Año 1893-1894 |
||
| 852 |
_aES-MaACL _jT-417-F-7 _z.- Año 1886 |
||
| 866 | 0 | _o1881, 1883, 1885-1889, 1892-1895,1898. | |
| 942 |
_2udc _cPERIODICA |
||
| 999 |
_c2654 _d2654 |
||